[Event "HUN-chT4 Chalupetzky 1718"]
[Site "Hungary"]
[Date "2017.12.10"]
[Round "4.4"]
[White "Bojnar, Istvan"]
[Black "Hecz, Lajos"]
[Result "0-1"]
[WhiteElo "1664"]
[BlackElo "1419"]
[PlyCount "102"]
[EventDate "2017.10.15"]
[EventType "team-tourn"]
[EventRounds "7"]
[EventCountry "HUN"]
[SourceTitle "EXT 2019"]
[Source "ChessBase"]
[SourceDate "2018.10.10"]
[SourceVersion "1"]
[SourceVersionDate "2018.10.10"]
[SourceQuality "1"]
[WhiteTeam "Gyor Bastya"]
[BlackTeam "Gonyu"]
[WhiteTeamCountry "HUN"]
[BlackTeamCountry "HUN"]

1. d4 d5 2. c4 dxc4 3. Nc3 Bf5 4. e4 Bg6 5. Bxc4 e6 6. Nge2 Bb4 7. 0-0 Ne7 8. Bf4 Bxc3 9. Nxc3 0-0 10. f3 Nd7 11. Qb3 Nb6 12. Rad1 Nxc4 13. Qxc4 c6 14. Qb4 Qd7 15. Rfe1 a5 16. Qc5 Rfb8 17. Bxb8 Rxb8 18. Qxa5 b6 19. Qb4 h5 20. a4 f5 21. d5 c5 22. Qb5 Qxb5 23. Nxb5 fxe4 24. fxe4 exd5 25. exd5 Nf5 26. d6 Rd8 27. Rd5 h4 28. d7 Kh7 29. Nc7 Nd4 30. Ne6 Bf7 31. Ng5+ Kg6 32. Nxf7 Kxf7 33. Kf2 g6 34. b4 Nc2 35. Re4 Nxb4 36. Rd6 g5 37. Re5 g4 38. a5 c4 39. Rxb6 Nd3+ 40. Ke3 Nxe5 41. Kd4 Nxd7 42. Rb7 Ke6 43. Kxc4 Rc8+ 44. Kb5 Rc2 45. a6 Rxg2 46. Kc6 Rc2+ 47. Kb5 Rxh2 48. a7 Ra2 49. Kc6 Ra6+ 50. Kc7 g3 51. Kc8 g2 0-1

[Event "HUN-chT4a 1415"]
[Site "Hungary"]
[Date "2014.10.19"]
[Round "1.1"]
[White "Bojnar, Istvan"]
[Black "Davidhazy, Robert"]
[Result "1-0"]
[WhiteElo "1703"]
[BlackElo "1642"]
[PlyCount "109"]
[EventDate "2014.10.19"]
[EventType "team-tourn"]
[EventRounds "7"]
[EventCountry "HUN"]
[SourceTitle "EXT 2016"]
[Source "ChessBase"]
[SourceDate "2015.10.08"]
[SourceVersion "1"]
[SourceVersionDate "2015.10.08"]
[SourceQuality "1"]

1. d4 d5 2. c4 c6 3. Nc3 e6 4. Nf3 Nf6 5. Bg5 Be7 6. e3 0-0 7. Bd3 Nbd7 8. 0-0 Qc7 9. c5 e5 10. Bc2 e4 11. Bf4 Qd8 12. Ne5 Nxe5 13. Bxe5 Nd7 14. Bg3 Nf6 15. f4 Ng4 16. Qe1 f5 17. Bd1 Nf6 18. Bh4 b6 19. b4 bxc5 20. bxc5 Ba6 21. Be2 Bxe2 22. Qxe2 Ng4 23. Bxe7 Qxe7 24. h3 Nf6 25. Rab1 Rfb8 26. Qa6 Qc7 27. a3 Nd7 28. Rb4 Rxb4 29. axb4 Rb8 30. Rb1 Rb7 31. b5 Nb8 32. Qa4 Kf7 33. Ra1 Ke6 34. bxc6 Qxc6 35. Qxc6+ Nxc6 36. Ra6 Rc7 37. Nb5 Kd7 38. Nxc7 Kxc7 39. g4 Kb7 40. Ra4 g6 41. Kf2 a5 42. gxf5 gxf5 43. Ke2 Ka6 44. Ra1 Kb5 45. Kd2 Kc4 46. Rc1+ Kb5 47. Kc3 a4 48. Kb2 Kb4 49. Ka2 a3 50. Rb1+ Ka4 51. Rb6 Na5 52. Ra6 Kb5 53. Rb6+ Ka4 54. c6 Nc4 55. Rb8 1-0

[Event "HUN-chT4 1314"]
[Site "Hungary"]
[Date "2014.05.04"]
[Round "10.2"]
[White "Major, Balazs"]
[Black "Bojnar, Istvan"]
[Result "1/2-1/2"]
[WhiteElo "1732"]
[BlackElo "1687"]
[PlyCount "39"]
[EventDate "2013.10.13"]
[EventType "team-tourn"]
[EventRounds "11"]
[EventCountry "HUN"]
[SourceTitle "EXT 2016"]
[Source "ChessBase"]
[SourceDate "2015.10.08"]
[SourceVersion "1"]
[SourceVersionDate "2015.10.08"]
[SourceQuality "1"]

1. e4 c5 2. Nf3 Nc6 3. d4 cxd4 4. Nxd4 g6 5. Nc3 Bg7 6. Be3 e6 7. Qd2 Nge7 8. 0-0-0 a6 9. f3 Nxd4 10. Bxd4 Bxd4 11. Qxd4 0-0 12. g4 Nc6 13. Qe3 b5 14. h4 Kg7 15. g5 Rh8 16. e5 h5 17. Bg2 Qc7 18. f4 Bb7 19. Bxc6 Bxc6 20. Rh2 1/2-1/2